000 00723nam a2200229 a 4500
005 20240925064442.0
008 030312s1995 ag r 000 0 spa d
020 _a9506180326
035 _aUPN01000122849
049 _aCG
050 4 _aBF723 P2.5
_bW5.3 1995
100 1 _aWinnicott, Donald Woods,
_d1896-1971
_929547
245 1 3 _aLa familia y el desarrollo del individuo /
_cDonald Woods Winnicott ; tr. Noemí Rosemblatt.
250 _a4a ed.
260 _aBuenos Aires :
_bLumen :
_bHormé,
_b1995.
300 _a216 p.
534 _pTraducción de:
_tThe family and individual development
650 4 _aPadres e hijos
_91360
650 4 _aNiño, Estudio del
_9221
650 4 _aFamilias
_944286
905 _aLibro
999 _c95032
_d95032